new wave - rock groupes anglo-saxons - Statistiques

Statistiques générales
  • Ce quiz a été pris 3 fois
  • Le résultat moyen est 4 sur 16
Statistiques - réponses
Par images Réponse % Correct
Eurythmics
100%
Bananarama
67%
Depeche Mode
67%
Duran Duran
67%
Blur
33%
Pulp
33%
Talk Talk
33%
EMF
0%
Happy Mondays
0%
Omd
0%
Prefab Sprout
0%
Supergrass
0%
The Dandy Warhols
0%
The Darkness
0%
Travis
0%
Yazoo
0%
Aucun quiz correspondant
Distribution des résultats
% des personnes avec chaque résultat
Percentile par nombre de réponses
Votre historique - résultats
Vous n’avez pas pris ce quiz